Normal view
MARC view
- Dwivedi,SBD.etal.
Entry Personal Name
001 - CONTROL NUMBER
- control field: 6710
003 - CONTROL NUMBER IDENTIFIER
- control field: OSt
005 - DATE AND TIME OF LATEST TRANSACTION
- control field: 20180308141841.0
008 - FIXED-LENGTH DATA ELEMENTS
- fixed length control field: 180308|| aca||aabn | a|a d
040 ## - CATALOGING SOURCE
- Original cataloging agency: OSt
- Transcribing agency: OSt
100 ## - HEADING--PERSONAL NAME
- Personal name: Dwivedi,SBD.etal.
670 ## - SOURCE DATA FOUND
- Source citation: Work cat.: (OSt): Dwivedi,SBD.etal., Goyals Open text material with analysis-IX, 2013